| 000 | 00357nam a22001457a 4500 | ||
|---|---|---|---|
| 999 |
_c9279 _d9279 |
||
| 003 | OSt | ||
| 008 | 201120b ||||| |||| 00| 0 eng d | ||
| 100 | _aKraus, John and Fleisch, Daniel | ||
| 245 | _aElectromagnetic with applications | ||
| 250 | _a5th | ||
| 260 |
_aNew Delhi _bTMH _c2015 |
||
| 300 | _a617 | ||
| 650 | _aB.Sc Non Medical | ||
| 942 |
_2ddc _cBK |
||